Consumption and the making of respectability, 1600-1800

Αποθηκεύτηκε σε:
Λεπτομέρειες βιβλιογραφικής εγγραφής
Κύριος συγγραφέας: Smith, Woodruff D.
Μορφή: Βιβλίο
Γλώσσα:English
Δημοσίευση: New York : Routledge, 2002
Θέματα:
Ετικέτες: Προσθήκη ετικέτας
Δεν υπάρχουν, Καταχωρήστε ετικέτα πρώτοι!

MARC

LEADER 00000nam a2200000 i 4500
001 1/91988
008 080818s2002 eng d
020 |a 978-0-415-93329-2 (pbk.) 
020 |a 0-415-93329-3 (pbk.) 
035 |l 10099433 
040 |a GR-MY-UA  |b gre  |e aacr 
041 0 |a eng 
082 0 |a 339.47  |2 (22) 
100 1 |a Smith, Woodruff D. 
245 1 0 |a Consumption and the making of respectability, 1600-1800 /  |c by Woodruff D. Smith 
260 |a New York :   |b Routledge,   |c 2002 
300 |a x, 339 σ.;  |c 24 εκ. 
504 |a Βιβλιογραφία: σ. 307-331 
504 |a Ευρετήριο: σ. 333-339 
650 0 0 |a Consumption (Economics)  |z Europe  |x History. 
650 0 0 |a Culture  |x Economic aspects  |z Europe  |x History. 
651 0 |a Europe  |x Social life and customs. 
852 |a INST  |b LESVOS  |e 20080818  |h 339.47 SMI  |p 005100042155  |q 005100042155  |t BK  |y 0 
901 |a BIBL1-2008-2 
909 |a Λ  |b 145258 
922 |a 1ΕΛΗ  |b 200801  |c ΕΠΕΑΕΚ2/ΤΚΑ  |d ΕΛΕΥΘΕΡΟΥΔΑΚΗΣ 
970 |a ΓΙΑΛΑΜΑ  |b ΜΑΡΙΑ  |z 2008/08/18